Ville du Pays de Gex - Statistiques

Statistiques générales
  • Ce quiz a été pris 32 fois
  • Le résultat moyen est 12 sur 27
Statistiques - réponses
Lettre Réponses % Correct
G Gex
100%
S Saint-Genis-Pouilly
91%
D Divonne-les-Bains
82%
F Ferney-Voltaire
82%
T Thoiry
73%
C Cessy
64%
C Crozet
64%
C Challex
55%
P Prévessin-Möens
55%
S Ségny
55%
G Grilly
45%
S Sergy
45%
C Collonges
36%
0 Ornex
36%
P Péron
36%
S Sauverny
36%
V Vesancy
36%
C Chevry
27%
E Échenevex
27%
F Farges
27%
V Versonnex
27%
S Saint-Jean-de-Gonville
18%
L Léaz
9%
L Lélex
9%
M Mijoux
9%
P Pougny
9%
C Chézery-Forens
0%
Aucun quiz correspondant
Distribution des résultats
% des personnes avec chaque résultat
Percentile par nombre de réponses
Votre historique - résultats
Vous n’avez pas pris ce quiz